Faculty of Law Library — Cairo University

Official Online Catalog

Charter Of The United Nations, Statute And Rules Of Court : (Record no. 67305)

MARC details
000 -LEADER
fixed length control field 01355nam a2200325 i 4500
003 - CONTROL NUMBER IDENTIFIER
control field EG-GICUC
005 - DATE AND TIME OF LATEST TRANSACTION
control field 20260329175409.0
008 - FIXED-LENGTH DATA ELEMENTS--GENERAL INFORMATION
fixed length control field 260329s1947 ne ||||fr|||| 00| 0 eng d
040 ## - CATALOGING SOURCE
Original cataloging agency EG-GiCUC
Transcribing agency EG-GiCUC
Modifying agency EG-GiCUC
Description conventions rda
082 04 - DEWEY DECIMAL CLASSIFICATION NUMBER
Edition number 21
Classification number 341.23
Item number IN.C
092 04 - LOCALLY ASSIGNED DEWEY CALL NUMBER (OCLC)
Edition number 21
099 ## - LOCAL FREE-TEXT CALL NUMBER (OCLC)
Classification number Law1 11 341.23 IN.C 2ed - 1947
110 ## - MAIN ENTRY--CORPORATE NAME
Form subheading International Court of Justice
Relator term Author.
245 ## - TITLE STATEMENT
Title Charter Of The United Nations, Statute And Rules Of Court :
Remainder of title And Other Constitutional Documents /
Statement of responsibility, etc. International Court of Justice .
246 1# - VARYING FORM OF TITLE
Title proper/short title Charte Des Nations Unies, Statut, Règlement :
Remainder of title Et Autres Textes Constitutionnels .
250 ## - EDITION STATEMENT
Edition statement 2ed.
264 ## - PRODUCTION, PUBLICATION, DISTRIBUTION, MANUFACTURE, AND COPYRIGHT NOTICE
Place of production, publication, distribution, manufacture Nether land :
Name of producer, publisher, distributor, manufacturer International Court of Justice ,
Date of production, publication, distribution, manufacture, or copyright notice 1947 .
300 ## - PHYSICAL DESCRIPTION
Extent 141 pages ,
Dimensions 24 cm
336 ## - CONTENT TYPE
Source rda content
Content type term text
337 ## - MEDIA TYPE
Source rda media
Media type term Computer
338 ## - CARRIER TYPE
Source rda carrier
Carrier type term Online Resource
490 ## - SERIES STATEMENT
Series statement Series D : Act and Documents Concerning the Organization of the Court .
Volume/sequential designation No.1
500 ## - GENERAL NOTE
General note The Book is Written by two languages France and English each page is Translated to the other language at the page IN front of it . <br/>Includes Index Pages 104-141.
546 ## - LANGUAGE NOTE
Language note Parallel text in French and English
650 1# - SUBJECT ADDED ENTRY--TOPICAL TERM
Topical term or geographic name entry element United Nations
651 1# - SUBJECT ADDED ENTRY--GEOGRAPHIC NAME
Source of heading or term qrmak
856 40 - ELECTRONIC LOCATION AND ACCESS
Uniform Resource Identifier <a href="https://fll.law.cu.edu.eg/fulltext/bks/B11-08777.pdf">https://fll.law.cu.edu.eg/fulltext/bks/B11-08777.pdf</a>
905 ## - Cataloger and Reviser Names
Cataloger Name: Hager Sameh
942 ## - ADDED ENTRY ELEMENTS (KOHA)
Source of classification or shelving scheme Dewey Decimal Classification
Koha item type Books
Edition 21
Suppress in OPAC No
Holdings
Withdrawn status Lost status Source of classification or shelving scheme Damaged status Not for loan Collection Home library Current library Date acquired Total checkouts Full call number Barcode Date last seen Copy number Price effective from Koha item type
    Dewey Decimal Classification   Not for loan القانون الدولي العام جــــامعة القــاهرة مكتبة كلية الحقوق - المبنى الرئيسي 29.03.2026   Law1 11 341.23 IN.C 2ed - 1947 1108777 C1 B11-08777 29.03.2026 1 29.03.2026 Books

© All rights reserved — Faculty of Law, Cairo University